[Event "Let's Play Chess!"]
[Site "http://www.queenalice.com/game.php?id=606522"]
[Date "2009.6.20"]
[Round "-"]
[White "Klondike"]
[Black "lafasouza"]
[Result "1-0"]
[WhiteElo "1500"]
[BlackElo "1745"]

1. d4 d5 2. c4 c6 3. Nf3 e6 4. a3 dxc4 5. Nc3 Nf6 6. e4 b5 7. Be2 c5 8. Nxb5 a6
9. Nc3 cxd4 10. Qxd4 Qxd4 11. Nxd4 e5 12. Nf3 Nbd7 13. Bxc4 h6 14. O-O Bb7 15.
Re1 Bc5 16. b3 Ng4 17. Ra2 O-O 18. h3 Ngf6 19. Rd2 g5 20. Red1 Rfd8 21. Nxe5
Nxe5 22. Rxd8+ Rxd8 23. Rxd8+ Kg7 24. Be3 Bxa3 25. Bd4 Nc6 26. Rd7 Nxd4 27.
Rxf7+ Kg6 28. Rxb7 Bb2 29. e5 Nh7 30. Bd3+ Nf5 31. g4 Bxc3 32. Bxf5# 1-0

[Event "Challenge"]
[Site "http://www.queenalice.com/game.php?id=613984"]
[Date "2009.7.6"]
[Round "-"]
[White "Klondike"]
[Black "hulge"]
[Result "1/2-1/2"]
[WhiteElo "1945"]
[BlackElo "1206"]

1. e4 g6 2. d4 Bg7 3. Nf3 d6 4. Nc3 Nf6 5. Be2 O-O 6. O-O Bg4 7. Re1 Nbd7 8. h3
Bxf3 9. Bxf3 e5 10. dxe5 Nxe5 11. Bg5 h6 12. Bxf6 Qxf6 13. Be2 Rfe8 14. Nd5 Qd8
15. Qd2 c6 16. Nf4 Qf6 17. c3 h5 18. Nd3 Nxd3 19. Bxd3 Kh7 20. Bc2 Bh6 21. Qd3
Re7 22. Rad1 Rd8 23. f3 d5 24. Qd4 Qxd4+ 25. Rxd4 c5 26. Rdd1 d4 27. cxd4 cxd4
28. Rd3 f5 29. e5 Rc7 30. Bb3 Re7 31. e6 Bg7 32. g4 fxg4 33. hxg4 Kh6 34. gxh5
Kxh5 35. Kg2 Kg5 36. Kg3 Kf5 37. Re4 Be5+ 38. Kh3 Rh7+ 39. Rh4 Rdh8 40. Rxh7
Rxh7+ 41. Kg2 Rh2+ 42. Kf1 Rh1+ 43. Kf2 Rh2+ 44. Kf1 Rh1+ 45. Ke2 Rh2+ 46. Kd1
Rh1+ 47. Kc2 Rh2+ 48. Rd2 Rxd2+ 49. Kxd2 Bf6 50. Bc4 Kf4 51. Bd5 b6 52. b4 Bg5
53. Kd3 Bf6 54. a3 Ke5 55. Bb3 a6 56. a4 b5 57. axb5 axb5 58. e7 Bxe7 59. f4+
Kxf4 60. Kxd4 Bxb4 61. Bc2 g5 62. Bd3 g4 63. Bxb5 g3 64. Bc6 Bc5+ 65. Kxc5 Ke3
66. Bb7 Kf2 67. Bc6 g2 68. Bxg2 Kxg2 69. Kd5 1/2-1/2

[Event "Let's Play Chess!"]
[Site "http://www.queenalice.com/game.php?id=636121"]
[Date "2009.8.14"]
[Round "-"]
[White "Klondike"]
[Black "elche"]
[Result "1-0"]
[WhiteElo "1823"]
[BlackElo "1726"]

1. e4 c5 2. Nf3 Nc6 3. Nc3 e6 4. Bb5 a6 5. Bxc6 bxc6 6. O-O d6 7. e5 dxe5 8.
Nxe5 Bb7 9. d3 Bd6 10. f4 Nf6 11. Qe2 O-O 12. Bd2 Bxe5 13. fxe5 Nd5 14. Ne4 Nb4
15. Bg5 Qb6 16. c4 a5 17. Nf6+ Kh8 18. Qh5 h6 19. Bxh6 1-0

[Event "Let's Play Chess!"]
[Site "http://www.queenalice.com/game.php?id=636495"]
[Date "2009.8.14"]
[Round "-"]
[White "microcephalec"]
[Black "Klondike"]
[Result "0-1"]
[WhiteElo "1609"]
[BlackElo "1924"]

1. e4 c5 2. d4 cxd4 3. c3 dxc3 4. Nxc3 Nc6 5. Nf3 d6 6. Bc4 e6 7. Be3 a6 8. O-O
Nf6 9. Qe2 Be7 10. Rfd1 O-O 11. Rac1 b5 12. Bb3 Qc7 13. a3 Bb7 14. Bf4 Rad8 15.
Bc2 e5 16. Bg5 Na5 17. Bxf6 Bxf6 18. Qd2 Nc4 19. Qd3 Nxb2 20. Qe3 Nxd1 21. Nxd1
Qc5 22. Qd2 Qxa3 23. Ne1 Rc8 24. f4 Bxe4 25. fxe5 Bxe5 26. Ne3 Bf4 27. Qf2 Bxe3
0-1

[Event "Challenge"]
[Site "http://www.queenalice.com/game.php?id=639530"]
[Date "2009.8.20"]
[Round "-"]
[White "chrysos101"]
[Black "Klondike"]
[Result "0-1"]
[WhiteElo "1827"]
[BlackElo "1945"]

1. e4 c5 2. Nf3 Nc6 3. d4 cxd4 4. Nxd4 g6 5. Nc3 Bg7 6. Nxc6 bxc6 7. Be2 e5 8.
O-O Nf6 9. Qd6 Qe7 10. Qxe7+ Kxe7 11. Be3 d6 12. f4 Bh6 13. Rad1 Rd8 14. Bc1
exf4 15. Bxf4 Bxf4 16. Rxf4 Be6 17. Rdf1 Nd7 18. b3 Ne5 19. Na4 Rab8 20. c4 c5
21. Nb2 Rf8 22. h4 a5 23. Nd3 a4 0-1

[Event "Let's Play Chess!"]
[Site "http://www.queenalice.com/game.php?id=644886"]
[Date "2009.8.31"]
[Round "-"]
[White "Klondike"]
[Black "jw16js"]
[Result "1-0"]
[WhiteElo "1945"]
[BlackElo "1504"]

1. d4 e6 2. c4 d5 3. Nc3 dxc4 4. Nf3 Bb4 5. e3 Bxc3+ 6. bxc3 b5 7. a4 bxa4 8.
Qxa4+ Bd7 9. Qxc4 Ne7 10. Qc5 Nf5 11. e4 Na6 12. Rxa6 Ne7 13. Ba3 Bc8 14. Bb5+
Bd7 15. Ne5 c6 16. Rxc6 O-O 17. Nxd7 Qxd7 18. Qxe7 Qxe7 19. Bxe7 Rfe8 20. Bd6 a5
21. O-O f5 22. exf5 exf5 23. Rc7 Rad8 24. Bc4+ Kh8 25. Be5 Rxe5 26. dxe5 h5 27.
e6 Rd2 28. Rc8+ Kh7 29. e7 Kg6 30. e8=Q+ Kg5 31. Qe7+ Kf4 32. Qe3+ 1-0

[Event "Challenge"]
[Site "http://www.queenalice.com/game.php?id=658536"]
[Date "2009.9.26"]
[Round "-"]
[White "JCOELHO"]
[Black "Klondike"]
[Result "0-1"]
[WhiteElo "1972"]
[BlackElo "1985"]

1. e4 c5 2. Nc3 Nc6 3. Nf3 Nf6 4. Bb5 a6 5. Bxc6 dxc6 6. O-O Qc7 7. d3 e5 8. Bg5
Be7 9. a4 O-O 10. d4 Rd8 11. a5 cxd4 12. Na4 Qxa5 13. Bd2 Qc7 14. b4 b5 15. Nb2
Nxe4 16. c3 dxc3 17. Nxe5 Rxd2 18. Qf3 Qxe5 19. Nd3 Qd4 20. Nf4 c2 21. Ne2 Qxa1
22. Rxa1 Rd1+ 23. Rxd1 cxd1=R# 0-1

[Event "Both Games Please"]
[Site "http://www.queenalice.com/game.php?id=663148"]
[Date "2009.10.6"]
[Round "-"]
[White "Noyender"]
[Black "Klondike"]
[Result "1/2-1/2"]
[WhiteElo "1765"]
[BlackElo "2048"]

1. e4 c5 2. Nf3 e6 3. d4 d5 4. Nc3 cxd4 5. Nxd4 dxe4 6. Nxe4 a6 7. Qf3 Qxd4 8.
Ng5 f6 9. Ne4 Nc6 10. Bd3 Ne5 11. Qe3 Nxd3+ 12. Qxd3 Bb4+ 13. Bd2 Qxb2 14. O-O
Bxd2 15. Qxd2 Qe5 16. Rad1 Qc7 17. Nd6+ Ke7 18. Ne4 Nh6 19. Qb4+ Ke8 20. Nd6+
Kf8 21. Nxc8+ Kg8 22. Nd6 Nf7 23. Rfe1 Nxd6 24. Rxd6 Kf7 25. Rdxe6 Rhe8 26. R6e2
Rad8 27. g3 Rxe2 28. Rxe2 Re8 29. Rxe8 Kxe8 30. Qe4+ Kf7 1/2-1/2

[Event "Both Games Please"]
[Site "http://www.queenalice.com/game.php?id=663149"]
[Date "2009.10.6"]
[Round "-"]
[White "Klondike"]
[Black "Noyender"]
[Result "1-0"]
[WhiteElo "2034"]
[BlackElo "1765"]

1. d4 Nf6 2. c4 g6 3. Nf3 Bg7 4. Nc3 d6 5. e3 O-O 6. Be2 Nc6 7. O-O Bf5 8. Re1
Be4 9. a3 Bxf3 10. Bxf3 Qd7 11. e4 e6 12. d5 Ne5 13. Be2 exd5 14. cxd5 Nfg4 15.
h3 Nxf2 16. Kxf2 f5 17. Kg1 fxe4 18. Nxe4 Qf5 19. Qc2 Rae8 20. Rf1 Qd7 21. Be3
a6 22. Rac1 c6 23. Rxf8+ Rxf8 24. dxc6 Nxc6 25. Ng5 Qe7 26. Bc4+ Kh8 27. Qd2 Ne5
28. Bd5 b5 29. Ne6 Rf5 30. Rc8+ Bf8 31. Bh6 Nd7 32. Qd4+ Qf6 33. Bg7+ 1-0

[Event "Let's Play Chess!"]
[Site "http://www.queenalice.com/game.php?id=671644"]
[Date "2009.10.24"]
[Round "-"]
[White "Klondike"]
[Black "mat95"]
[Result "1-0"]
[WhiteElo "2065"]
[BlackElo "1974"]

1. d4 Nf6 2. c4 c5 3. d5 b5 4. cxb5 a6 5. e3 g6 6. Nc3 Bg7 7. Nf3 O-O 8. Be2 d6
9. O-O Bb7 10. e4 Nbd7 11. bxa6 Bxa6 12. Nb5 Nxe4 13. Nd2 Ndf6 14. Nxe4 Nxe4 15.
a4 Qd7 16. Re1 Nf6 17. Ra3 Qb7 18. Nc3 Nd7 19. Bxa6 Rxa6 20. Rxe7 Be5 21. Bh6
Bg7 22. Bxg7 Kxg7 23. Qe2 Qc8 24. Rxd7 Qxd7 25. Qxa6 Re8 26. Ra1 Qe7 27. Qf1 Qb7
28. Qb5 Qe7 29. Qf1 Qb7 30. Rb1 Qa7 31. g3 h5 32. Qd3 Rb8 33. b3 Rb4 34. Ne4 1-0

[Event "Let's Play Chess!"]
[Site "http://www.queenalice.com/game.php?id=675177"]
[Date "2009.10.31"]
[Round "-"]
[White "Frpo055"]
[Black "Klondike"]
[Result "1-0"]
[WhiteElo "1834"]
[BlackElo "2089"]

1. e4 c5 2. Nf3 Nc6 3. Nc3 e5 4. Bc4 d6 5. O-O g6 6. d3 Bg7 7. Bg5 Nf6 8. Nd5
O-O 9. a3 h6 10. Nxf6+ Bxf6 11. Bxh6 Bg7 12. Bg5 Bf6 13. Bd2 a5 14. h4 Bxh4 15.
g3 Bf6 16. Kg2 Bg4 17. c3 Qd7 18. Rh1 Bh5 19. Qe1 Kg7 20. Qe3 Rh8 21. Rh2 Bxf3+
22. Qxf3 Rxh2+ 23. Kxh2 Rh8+ 24. Kg1 Qh3 25. Re1 Qh2+ 26. Kf1 Qh1+ 27. Qxh1
Rxh1+ 28. Kg2 Rxe1 29. Bxe1 Bg5 30. b4 1-0

[Event "Let's Play Chess!"]
[Site "http://www.queenalice.com/game.php?id=675285"]
[Date "2009.10.31"]
[Round "-"]
[White "Klondike"]
[Black "chesspool"]
[Result "1-0"]
[WhiteElo "2020"]
[BlackElo "1967"]

1. d4 d5 2. c4 c6 3. Nf3 Nf6 4. Nc3 e6 5. e3 Nbd7 6. Bd3 dxc4 7. Bxc4 b5 8. Bd3
Bb7 9. O-O a6 10. Re1 Be7 11. Qc2 O-O 12. Ne4 Nxe4 13. Bxe4 Rc8 14. Bxh7+ Kh8
15. Bd3 Nf6 16. a3 c5 17. Qe2 cxd4 18. Nxd4 Qd5 19. Nf3 g6 20. e4 Qh5 21. h3
Rfd8 22. a4 bxa4 23. Rxa4 1-0

[Event "Challenge"]
[Site "http://www.queenalice.com/game.php?id=697999"]
[Date "2009.12.14"]
[Round "-"]
[White "Klondike"]
[Black "KLEOJ"]
[Result "0-1"]
[WhiteElo "2042"]
[BlackElo "2077"]

1. d4 d5 2. c4 Nc6 3. Nc3 Nf6 4. Nf3 Bg4 5. cxd5 Nxd5 6. e4 Nxc3 7. bxc3 g6 8.
Be2 Bg7 9. O-O O-O 10. Re1 e6 11. h3 Bxf3 12. Bxf3 Ne7 13. Rb1 Rb8 14. Qa4 b6
15. Ba3 Re8 16. Red1 Qc8 17. Bc1 c5 18. Bf4 Ra8 19. d5 e5 20. Be3 Rd8 21. Be2
Qc7 22. Rb2 Nc8 23. Rf1 Nd6 24. f3 f5 25. exf5 gxf5 26. Qh4 Qf7 27. Bg5 Re8 28.
c4 e4 29. f4 Bxb2 0-1

[Event "Let's Play Chess!"]
[Site "http://www.queenalice.com/game.php?id=704954"]
[Date "2009.12.29"]
[Round "-"]
[White "KasparovPadawan"]
[Black "Klondike"]
[Result "0-1"]
[WhiteElo "1935"]
[BlackElo "2018"]

1. d4 d5 2. c4 e6 3. cxd5 exd5 4. e3 a6 5. Bd3 Nf6 6. Nc3 g6 7. h3 Bg7 8. Nf3
Nc6 9. O-O O-O 10. Qb3 Re8 11. Re1 b5 12. a4 b4 13. Nd1 a5 14. Bb5 Bd7 15. Bxc6
Bxc6 16. Qc2 Bd7 17. b3 Ne4 18. Nb2 Qf6 19. Qxc7 Bxh3 20. Qf4 Qxf4 21. exf4 Bg4
22. Ne5 Bf5 23. Be3 Rac8 24. Nbd3 f6 25. Nf3 Rc3 26. Nc5 Nxc5 27. dxc5 Bf8 28.
Rac1 Rc8 29. Bd4 Rxc1 30. Bxf6 Rxe1+ 31. Nxe1 Rxc5 0-1

[Event "Let's Play Chess!"]
[Site "http://www.queenalice.com/game.php?id=755639"]
[Date "2010.4.3"]
[Round "-"]
[White "Klondike"]
[Black "Gil"]
[Result "1-0"]
[WhiteElo "2038"]
[BlackElo "1712"]

1. d4 d5 2. c4 e6 3. Nc3 Nf6 4. Nf3 c5 5. e3 cxd4 6. exd4 Bd7 7. cxd5 Nxd5 8.
Nxd5 exd5 9. Bd3 Bb4+ 10. Bd2 Bxd2+ 11. Qxd2 O-O 12. O-O Nc6 13. Rfe1 Qb6 14.
Bc2 Rfe8 15. a3 Qxb2 16. Bxh7+ 1-0

[Event "Let's Play Chess!"]
[Site "http://www.queenalice.com/game.php?id=755642"]
[Date "2010.4.3"]
[Round "-"]
[White "Gil"]
[Black "Klondike"]
[Result "0-1"]
[WhiteElo "1656"]
[BlackElo "2042"]

1. d4 d5 2. Nf3 Nf6 3. e3 e6 4. c4 c5 5. Nc3 Nc6 6. cxd5 exd5 7. Bd2 Bd6 8. Bb5
O-O 9. O-O Re8 10. Qc2 cxd4 11. Nxd4 Nxd4 12. exd4 Bd7 13. Bxd7 Qxd7 14. h3 Rac8
15. Qb3 a6 16. Kh1 Bb8 17. Be3 Qd6 18. Qxb7 Qh2# 0-1

[Event "Let's Play Chess!"]
[Site "http://www.queenalice.com/game.php?id=762045"]
[Date "2010.4.16"]
[Round "-"]
[White "Klondike"]
[Black "MCMXI"]
[Result "0-1"]
[WhiteElo "2043"]
[BlackElo "2111"]

1. d4 Nf6 2. c4 c5 3. e3 g6 4. Nf3 Bg7 5. Nc3 O-O 6. Be2 d5 7. dxc5 dxc4 8. Qxd8
Rxd8 9. Bxc4 Nbd7 10. c6 bxc6 11. O-O Nb6 12. Be2 c5 13. Bd2 e5 14. e4 Bb7 0-1

[Event "Let's Play Chess!"]
[Site "http://www.queenalice.com/game.php?id=762046"]
[Date "2010.4.16"]
[Round "-"]
[White "MCMXI"]
[Black "Klondike"]
[Result "1-0"]
[WhiteElo "2121"]
[BlackElo "2025"]

1. d4 d5 2. c4 Nc6 3. Nc3 dxc4 4. Nf3 Nf6 5. e4 Bg4 6. e5 Nd5 7. Bxc4 e6 8. O-O
Be7 9. Be3 O-O 10. Nxd5 exd5 11. Be2 f6 12. Rc1 Qd7 13. Qb3 Rab8 14. Rfd1 1-0